| Tag |
First Indicator |
Second Indicator |
Subfields |
| LEADER |
00000cam a22000001a 4500 |
| 001 |
in00003247421 |
| 006 |
m d f |
| 007 |
cr bn mmmapmmp |
| 008 |
090922s2000 dcua o f000 0 eng d |
| 005 |
20260504145843.4 |
| 035 |
|
|
|a cis2007471638
|
| 040 |
|
|
|a UMI
|c UMI
|d UtOrBLW
|
| 043 |
|
|
|a n-us---
|
| 074 |
|
|
|a 1032-C
|
| 074 |
|
|
|a 1032-D (MF)
|
| 086 |
0 |
|
|a Y 4.AG 8/3:S.HRG.106-288
|
| 099 |
|
|
|a HRG-1999-ANF-0015
|
| 110 |
1 |
|
|a United States.
|b Congress.
|b Senate.
|b Committee on Agriculture, Nutrition, and Forestry.
|
| 245 |
1 |
0 |
|a Nomination of Thomas J. Erickson :
|b hearing before the Committee on Agriculture, Nutrition, and Forestry, United States Senate, One Hundred Sixth Congress, first session, on the nomination of Thomas J. Erickson to be Commissioner, Commodity Futures Trading Commission, May 5, 1999.
|
| 264 |
|
1 |
|a Washington :
|b U.S. G.P.O. :
|c 2000.
|
| 264 |
|
2 |
|a Washington :
|b For sale by the U.S. G.P.O., Supt. of Docs., Congressional Sales Office,
|
| 300 |
|
|
|a 1 online resource.
|
| 336 |
|
|
|a text
|b txt
|2 rdacontent
|
| 337 |
|
|
|a computer
|b c
|2 rdamedia
|
| 338 |
|
|
|a online resource
|b cr
|2 rdacarrier
|
| 490 |
1 |
|
|a S. hrg. ;
|v 106-288
|
| 500 |
|
|
|a Record is based on bibliographic data in ProQuest Congressional Hearings Digital Collection. Reuse except for individual research requires license from ProQuest, LLC.
|
| 538 |
|
|
|a System requirements: PDF reader software.
|
| 500 |
|
|
|a Electronic resource.
|
| 600 |
1 |
0 |
|a Erickson, Thomas Jeffrey,
|d 1961-
|
| 610 |
1 |
0 |
|a United States.
|b Commodity Futures Trading Commission
|x Officials and employees
|x Selection and appointment.
|
| 655 |
|
7 |
|a Electronic books.
|2 local
|
| 710 |
2 |
|
|a ProQuest (Firm)
|
| 776 |
0 |
8 |
|i Print version:
|a United States. Congress. Senate. Committee on Agriculture, Nutrition, and Forestry.
|t Nomination of Thomas J. Erickson
|w (DLC)00325550
|w (OCoLC)ocm43549331
|
| 776 |
0 |
8 |
|i Microfiche version:
|a United States. Congress. Senate. Committee on Agriculture, Nutrition, and Forestry.
|t Nomination of Thomas J. Erickson.
|d [Bethesda, Md.] : ProQuest,[2004]
|o CIS 00 S161-2
|w (ProQuest)cis00001620
|
| 810 |
1 |
|
|a United States.
|b Congress.
|b Senate.
|t S. hrg. ;
|v 106-288.
|
| 830 |
|
0 |
|a U.S. Congressional Hearings.
|
| 856 |
4 |
0 |
|u http://proxy.library.tamu.edu/login?url=https://congressional.proquest.com/congcomp/getdoc?HEARING-ID=HRG-1999-ANF-0015
|z Connect to the full text of this electronic book
|t 0
|
| 998 |
|
|
|a cis00001620
|
| 999 |
|
|
|a MARS
|
| 999 |
f |
f |
|s e7bf5a96-ecaf-3d41-9b72-7ead16bb5732
|i 15eb0c2d-cea5-3725-b070-6082f36edd83
|t 0
|
| 952 |
f |
f |
|a Texas A&M University
|b College Station
|c Electronic Resources
|s www_evans
|d Available Online
|t 0
|e HRG-1999-ANF-0015
|h Other scheme
|
| 998 |
f |
f |
|a HRG-1999-ANF-0015
|t 0
|l Available Online
|